Statistics for Geography Word Scramble #2

Click here to take the quiz!

General Stats

  • This quiz has been taken 202 times
    (193 since last reset)
  • The average score is 19 of 26

Answer Stats

Scramble Type Answer % Correct
AASIContinentAsia
99%
IMIAMCityMiami
99%
NAJPACountryJapan
99%
ULGFLandformGulf
98%
KSANASUS StateKansas
96%
TICNTLAAOceanAtlantic
96%
MOANCountryOman
95%
CHTUDLanguageDutch
95%
LKACBSeaBlack
93%
DAUSIJMReligionJudaism
82%
AACMARADGSIslandMadagascar
79%
WERADALEUS StateDelaware
79%
CHMTASSIRCelebrationChristmas
74%
IEECHITNTELSNCountryLiechtenstein
73%
HKALRAAIDesertKalahari
71%
COLMISEULandmarkColiseum
64%
BJRU LIKAAFHBuildingBurj Khalifa
64%
SATDAMMERCapitalAmsterdam
61%
IREIANBPeninsulaIberian
60%
OTDNEOEIMVCapitalMontevideo
57%
GRBNIEStraitBering
55%
SRTCAINITIYHReligionChristianity
48%
HUBOJARNGSENCityJohannesburg
48%
ACMNIEEKZRiverMackenzie
43%
ANISDARIIslandSardinia
30%
NKIRIGNALADOblastKaliningrad
23%

Score Distribution

Percentile by Number Answered

Percent of People with Each Score

Your Score History

You have not taken this quiz since the last reset